UBT Library

Roget's international thesaurus. (Record no. 41011)

000 -LEADER
fixed length control field 00662cam a2200229 a 4500
001 - CONTROL NUMBER
control field 1086568
005 - DATE AND TIME OF LATEST TRANSACTION
control field 20180126081017.0
008 - FIXED-LENGTH DATA ELEMENTS--GENERAL INFORMATION
fixed length control field 920204s1992 nyu d 001 0 eng
010 ## - LIBRARY OF CONGRESS CONTROL NUMBER
LC control number 92007615
020 ## - INTERNATIONAL STANDARD BOOK NUMBER
International Standard Book Number 0062700146 (indexed)
020 ## - INTERNATIONAL STANDARD BOOK NUMBER
International Standard Book Number 0062700464 (plain)
040 ## - CATALOGING SOURCE
Original cataloging agency DLC
Transcribing agency DLC
Modifying agency DLC
041 ## - LANGUAGE CODE
Language code of text/sound track or separate title eng
080 ## - UNIVERSAL DECIMAL CLASSIFICATION NUMBER
Universal Decimal Classification number 423.1
082 00 - DEWEY DECIMAL CLASSIFICATION NUMBER
Classification number 423.1 CHA
Edition number 20
100 ## - Rafti
Rafti 39
101 ## - Shkurtesa
Shkurtesa FJA
245 00 - TITLE STATEMENT
Title Roget's international thesaurus.
906 ## - LOCAL DATA ELEMENT F, LDF (RLIN)
a 7
b cbc
c orignew
d 1
e ocip
f 19
g y-gencatlg
942 ## - ADDED ENTRY ELEMENTS (KOHA)
Source of classification or shelving scheme
Item type Books
Holdings
Withdrawn status Lost status Source of classification or shelving scheme Damaged status Not for loan Collection code Permanent location Current location Shelving location Date acquired Total Checkouts Full call number Barcode Date last seen Price effective from Koha item type
          Koleksioni i përgjithshem UBT - Lipjan UBT - Lipjan Koleksioni i përgjithshem 01/26/2018   R 423.1 CHA 002-2996431 01/26/2018 01/26/2018 Books
UBT Library © 2015-2024. All rights reserved University Education for Business and Technology